| 000 | 00820nam a2200253Ia 4500 | ||
|---|---|---|---|
| 003 | GCL | ||
| 005 | 20240530110528.0 | ||
| 008 | 140319s9999 xx 000 0 ara d | ||
| 040 |
_aGCL / _cGCL |
||
| 082 | 0 | 4 |
_a953.0738 _bق/ع خ |
| 100 | 1 | _aعارف تامر | |
| 245 | 1 | 0 |
_aالخليفة الفاطمى الخامس : العزيز بالله قاهر القرامطة وأفتكين / _cعارف تامر |
| 260 |
_a[S.N] : _bدار الافاق الجديدة ، _c1982 |
||
| 300 | _a147 ص | ||
| 650 | 0 | 4 | _aمصر |
| 650 | 0 | 4 | _aالدولة الفاطمية |
| 650 | 0 | 4 | _aالشيعة |
| 650 | 0 | 4 | _aالاسماعيلية |
| 650 | 0 | 4 | _aالقرامطة |
| 650 | 0 | 4 | _aالفاطميون |
| 650 | 0 | 4 | _aالدولة الفاطمية - تاريخ |
| 650 | 0 | 4 | _aالعزيز بالله |
| 942 |
_2ddc _cBK |
||
| 999 |
_c62043 _d62043 |
||